| 000 | 00581nam a2200181 a 4500 | ||
|---|---|---|---|
| 001 | 000042928 | ||
| 005 | 20201002040515.0 | ||
| 008 | 140213s1966 sp 000 0 spa d | ||
| 040 |
_aDO-SdBNP _bspa _cBNPHU |
||
| 082 |
_axxx _bxxx |
||
| 100 | 1 |
_aAumente Baena, José, _d1922-1996 _970397 |
|
| 245 | 1 | 0 |
_aConfrontación : _bdialogo y compromiso / _cJosé Aumente. |
| 260 |
_aBarcelona : _bNova Terra, _c1966. |
||
| 300 |
_a183 p. ; _c18 cm. |
||
| 490 | 1 | _aPunto di vista | |
| 500 | _aIncluye datos biográficos del autor en la solapa de la cubierta | ||
| 830 | 0 |
_aPunto di vista _970398 |
|
| 999 |
_c42417 _d42417 |
||